000
00314nam a22001337a 4500
008
170204b xxu||||| |||| 00| 0 eng d
020
_a
0894435736
041
_a
eng
080
_2
2ND
_a
61
100
_a
3
101
_a
SHM
245
_a
A HUIDE FOR EFFECTIVE CLINICAL INSTRUCTION
_c
CARPENITO, L.J
942
_2
udc
_c
BK
999
_c
4677
_d
4677